Human biology / (Record no. 127775)

MARC details
000 -LEADER
fixed length control field 00615nam a22002297a 4500
005 - DATE AND TIME OF LATEST TRANSACTION
control field 20170124110030.0
010 ## - LIBRARY OF CONGRESS CONTROL NUMBER
LC control number A-089910
020 ## - INTERNATIONAL STANDARD BOOK NUMBER
Terms of availability 00.00
International Standard Book Number 019857164
035 ## - SYSTEM CONTROL NUMBER
System control number A-089910
037 ## - SOURCE OF ACQUISITION
Source of stock number/acquisition Cen Lib/Ret
040 ## - CATALOGING SOURCE
Original cataloging agency DPL
Language of cataloging EN
082 ## - DEWEY DECIMAL CLASSIFICATION NUMBER
Classification number 573.2
Item number HUM
245 ## - TITLE STATEMENT
Title Human biology /
Statement of responsibility, etc by G.A Harrison...[et al.]
260 ## - PUBLICATION, DISTRIBUTION, ETC. (IMPRINT)
Place of publication, distribution, etc London
Name of publisher, distributor, etc Oxford unversity press
Date of publication, distribution, etc 1964
270 ## - ADDRESS
City London
300 ## - PHYSICAL DESCRIPTION
Extent xvi,499p.
Dimensions 21cm(Hb)
500 ## - GENERAL NOTE
General note Includes index
650 ## - SUBJECT ADDED ENTRY--TOPICAL TERM
Topical term or geographic name as entry element Biology
9 (RLIN) 10215
650 ## - SUBJECT ADDED ENTRY--TOPICAL TERM
Topical term or geographic name as entry element Human biology
9 (RLIN) 21512
700 ## - ADDED ENTRY--PERSONAL NAME
Personal name Harrison, G.A.
9 (RLIN) 21513
942 ## - ADDED ENTRY ELEMENTS (KOHA)
Source of classification or shelving scheme Dewey Decimal Classification
Koha item type English Books
Classification part 573.2
Call number suffix HUM
Holdings
Withdrawn status Lost status Damaged status Not for loan Home library Current library Date acquired Source of acquisition Cost, normal purchase price Total Checkouts Full call number Barcode Date last seen Date checked out Copy number Cost, replacement price Price effective from Koha item type
        Central Library Central Library 30/06/2015 Cen Lib/Ret 0.00 2 573.2 HUM A-089910 24/11/2023 27/10/2023 1 0.00 30/06/2015 English Books

© Delhi Public Library
Hit Counter
free hit counter